000 00890nam a22002177a 4500
999 _c5419
_d5419
003 AR-CdUCM
008 190312b ||||| |||| 00| 0 spa d
040 _aMUNICIPALIDAD PROVINCIAL DEL CUSCO
_cBIBLIOTECA MUNICIPAL DEL CUSCO
082 _a338.4791 /
_bC26
100 _aCárdenas Tabares, Fabio
_911714
245 _aProyectos Turísticos :
_bLocalización e inversión /
260 _aPerú :
_bTrillas ,
_c1991.
300 _a75 páginas ;
_c24 cm.
440 _aTrillas Turismo
_916322
505 _aContenido : Localizacion de los Proyectos Turisticos -- actores importantes de la localizacion -- inventario turistico -- localizacion y esquemas de diseño de centros turisticos de zona y de complejos...
650 _aProyectos Turisticos
_916323
650 _aInventario Turistico
_916324
650 _aDiseños de Centros Turisticos
_916325
942 _2ddc
_cLIBROS
945 _artm